| 000 | 01256nam a2200265 i 4500 | ||
|---|---|---|---|
| 001 | 147228 | ||
| 003 | ES-MaACL | ||
| 005 | 20251009063055.0 | ||
| 007 | t| | ||
| 008 | 070924s1946 pe ||||1| spa d | ||
| 080 | _a985"1548/820(093.2) | ||
| 100 | 1 |
_aTupac-Amaru, José Gabriel, _dm. 1781 _9111684 |
|
| 245 | 1 | 0 |
_aGenealogía de Tupac Amaru / _cpor José Gabriel Tupac Amaru. |
| 260 |
_aLima : _b[s.n.], _c1946 ( _fImp. Miranda) |
||
| 300 |
_a172 p. ; _c18 cm. |
||
| 490 | 1 |
_aLos pequeños grandes libros de Historia Americana. Serie I ; _v10 |
|
| 505 | 8 | _aContiene: (Documento inédito del año de 1777). Causas de la sublevación indígena por el Deán Antonio González Pavón.-- (Documento inédito del año 1788). Daños que se hacen a los indios por el Licenciado Francisco Falcón.-- (Códice del siglo XVI). Arreglo, introducción, notas y comentarios de Francisco A. Loayza. | |
| 651 | 4 |
_aPerú- _xHistoria- _y1548-1820, Epoca colonial. _99225 |
|
| 700 | 1 |
_aGonzález Pavón, Antonio. _958861 |
|
| 700 | 1 |
_aFalcón, Francisco. _948705 |
|
| 700 | 1 |
_aLoayra, Francisco A. _972989 |
|
| 830 | 0 | 4 |
_aLos pequeños grandes libros de historia americana _v10 _9220909 |
| 852 |
_aES-MaACL _jE-1189 _bR.27280 |
||
| 999 |
_c147228 _d147228 |
||